[Event "119th NZL-ch op"]
[Site "Queenstown NZL"]
[Date "2012.01.17"]
[Round "3"]
[White "Chen, Pengyu"]
[Black "Van Riemsdijk, Herman Claudius"]
[Result "1-0"]
[WhiteElo "2056"]
[BlackElo "2401"]
[EventDate "2012.01.15"]
[PlyCount "73"]

1.c4 Nf6 2.Nc3 e5 3.g3 d5 4.cxd5 Nxd5 5.Bg2 Nb6 6.Nf3 Nc6 7.O-O Be7 8.a3 
O-O 9.b4 Be6 10.Rb1 f6 11.d3 Qd7 12.Nd2 Nd5 13.Bb2 a5 14.b5 Nd4 15.Nxd5 
Bxd5 16.Bxd5+ Qxd5 17.Bxd4 exd4 18.Qa4 Rfd8 19.Rfc1 Rd7 20.Rc2 b6 21.Rbc1 
Qe5 22.Nf3 Qd6 23.Qb3+ Kh8 24.a4 Rad8 25.Rc6 Qa3 26.Qxa3 Bxa3 27.R1c4 Bc5 
28.Nd2 Re8 29.Ne4 Bf8 30.Rxc7 Rxc7 31.Rxc7 f5 32.Ng5 Rxe2 33.Kf1 Re8 34.
Rc6 Bc5 35.Ne6 Bb4 36.Rxb6 Kg8 37.Rc6 1-0

[Event "119th NZL-ch op"]
[Site "Queenstown NZL"]
[Date "2012.01.17"]
[Round "3"]
[White "Dale, Ari"]
[Black "Ly, Moulthun"]
[Result "0-1"]
[WhiteElo "1994"]
[BlackElo "2376"]
[EventDate "2012.01.15"]
[PlyCount "62"]

1.d4 Nf6 2.c4 g6 3.Nc3 Bg7 4.e4 O-O 5.Nf3 d6 6.Be2 e5 7.O-O Nbd7 8.Be3 Re8
9.d5 Nh5 10.g3 Bf8 11.Ne1 Ng7 12.Nd3 f5 13.f3 Be7 14.Qd2 h5 15.b4 Nf6 16.
c5 h4 17.cxd6 cxd6 18.Rac1 Ngh5 19.exf5 gxf5 20.Qe1 hxg3 21.hxg3 Kh8 22.
Bf2 Rg8 23.Kh2 Rg7 24.Rh1 Bd7 25.Bd1 Kg8 26.Bb3 e4 27.fxe4 Ng4+ 28.Kg2 
Nxf2 29.Kxf2 Nxg3 30.Rh3 Bh4 31.Qd1 fxe4 0-1

[Event "119th NZL-ch op"]
[Site "Queenstown NZL"]
[Date "2012.01.17"]
[Round "3"]
[White "Davies, Geoff"]
[Black "Holdaway, Stewart"]
[Result "1/2-1/2"]
[WhiteElo "1943"]
[BlackElo "1746"]
[EventDate "2012.01.15"]
[PlyCount "133"]

1.e4 c6 2.d4 d5 3.exd5 cxd5 4.c4 Nf6 5.Nc3 e6 6.Nf3 Bb4 7.Qb3 Nc6 8.Be3 
O-O 9.Bd3 dxc4 10.Bxc4 Re8 11.O-O Bxc3 12.Qxc3 Ne7 13.Bg5 Ned5 14.Bxd5 
Qxd5 15.Bxf6 gxf6 16.Qc5 Rd8 17.Rfc1 b6 18.Qe7 Kg7 19.h3 Rd7 20.Qa3 Bb7 
21.Rc3 Qd6 22.Qa4 Bxf3 23.gxf3 Qxd4 24.Qxd4 Rxd4 25.Rac1 Rad8 26.Rc7 Rd1+ 
27.Rxd1 Rxd1+ 28.Kg2 a5 29.Rb7 Rd6 30.f4 f5 31.a3 Kg6 32.Kg3 f6 33.b4 axb4
34.axb4 e5 35.b5 exf4+ 36.Kxf4 Rd4+ 37.Kg3 Rd3+ 38.Kg2 Rd6 39.Kg3 h6 40.
Kg2 f4 41.Kf3 Kf5 42.Rh7 Rd3+ 43.Kg2 Kg6 44.Rb7 Rd6 45.Kf3 Kg5 46.Rb8 h5 
47.Rg8+ Kh4 48.Kxf4 Rd5 49.Ke4 Rxb5 50.Rg3 Rc5 51.Rb3 b5 52.f4 Rc4+ 53.Kf5
b4 54.Kxf6 Rxf4+ 55.Kg6 Rc4 56.Kf5 Rc5+ 57.Kf6 Rd5 58.Rxb4+ Kxh3 59.Rb3+ 
Kg4 60.Rb4+ Kf3 61.Rb3+ Ke4 62.Rb4+ Kd3 63.Rb3+ Kc4 64.Rh3 Kd4 65.Kg6 Ke4 
66.Rxh5 Rxh5 67.Kxh5 1/2-1/2

[Event "119th NZL-ch op"]
[Site "Queenstown NZL"]
[Date "2012.01.17"]
[Round "3"]
[White "Davis, Justin"]
[Black "Tsoi, Nicole"]
[Result "0-1"]
[WhiteElo "1985"]
[BlackElo "1715"]
[EventDate "2012.01.15"]
[PlyCount "128"]

1.d4 e6 2.c4 f5 3.g3 Nf6 4.Bg2 Be7 5.Nc3 d6 6.e4 Nc6 7.Nge2 e5 8.d5 Nb8 9.
f4 O-O 10.O-O fxe4 11.Nxe4 Nxe4 12.Bxe4 Bh3 13.Bg2 Bf5 14.b4 Nd7 15.Bb2 
Bf6 16.fxe5 Bxe5 17.Nd4 Qg5 18.Ne6 Qe3+ 19.Kh1 Bxb2 20.Nxf8 Rxf8 21.Rf3 
Qd4 22.Qxd4 Bxd4 23.Rd1 Be5 24.Rxf5 Rxf5 25.Bh3 Rf7 26.Be6 Nf8 27.Bxf7+ 
Kxf7 28.c5 Ke7 29.a4 Nd7 30.c6 bxc6 31.dxc6 Nb6 32.a5 Nc4 33.Rd5 a6 34.b5 
Nxa5 35.bxa6 Nxc6 36.Rb5 Kd7 37.Rb8 Bd4 38.Rh8 Nb4 39.Rxh7 Nxa6 40.Kg2 c5 
41.Kf3 Kc6 42.Ke2 Kb5 43.Rh8 c4 44.h4 Nb4 45.h5 c3 46.g4 c2 47.Rc8 Bf6 48.
Kf3 Bg5 49.Ke4 c1=Q 50.Rxc1 Bxc1 51.Kf5 d5 52.g5 Bb2 53.Kg6 Be5 54.Kf5 Nc6
55.g6 Kc4 56.Ke6 d4 57.Kd7 d3 58.Kxc6 d2 59.Kd7 d1=Q+ 60.Ke7 Qd6+ 61.Kf7 
Qf6+ 62.Kg8 Qg5 63.Kf8 Qxh5 64.Kf7 Qf5+ 0-1

[Event "119th NZL-ch op"]
[Site "Queenstown NZL"]
[Date "2012.01.17"]
[Round "3"]
[White "Dragicevic, Domagoj"]
[Black "Bischoff, Klaus"]
[Result "0-1"]
[WhiteElo "2277"]
[BlackElo "2537"]
[EventDate "2012.01.15"]
[PlyCount "164"]

1.e4 e6 2.d3 d5 3.Nd2 Nf6 4.Ngf3 Be7 5.c3 c5 6.e5 Nfd7 7.d4 Nc6 8.Nb3 cxd4
9.cxd4 a5 10.Be3 a4 11.Nbd2 a3 12.bxa3 Rxa3 13.Be2 Nb6 14.O-O Bd7 15.Qc1 
Ra7 16.Nb3 Na4 17.Rb1 b6 18.Bg5 O-O 19.Qe3 Nb4 20.Qd2 Bxg5 21.Nxg5 Qe7 22.
Nc1 Nc6 23.Bb5 h6 24.Nf3 Na5 25.Bxd7 Qxd7 26.Ne2 Nc4 27.Qf4 Qe7 28.Rfe1 
Nab2 29.Qg4 Nd3 30.Red1 Rxa2 31.Rxd3 Rxe2 32.Nh4 Re4 33.f4 Qg5 34.fxg5 
Rxg4 35.Nf3 hxg5 36.h3 Re4 37.Nxg5 Re2 38.Rf1 Ne3 39.Rf2 Re1+ 40.Kh2 Nf1+ 
41.Kg1 Ng3+ 42.Kh2 Nf1+ 43.Kg1 Ng3+ 44.Kh2 Ne4 45.Nxe4 dxe4 46.Rb3 Rb8 47.
Kg3 e3 48.Rf4 e2 49.Re4 Rd1 50.Rbe3 Rd8 51.Rxe2 R1xd4 52.Rxd4 Rxd4 53.Rb2 
Rd5 54.Rxb6 Rxe5 55.Rb7 g6 56.Ra7 Kg7 57.Rb7 g5 58.Ra7 Kg6 59.Rb7 Rd5 60.
Rb6 Rd4 61.Ra6 Rb4 62.Rc6 Kf5 63.Rc5+ e5 64.Rc7 f6 65.Rc6 Rd4 66.Ra6 Kg6 
67.Rb6 Kf7 68.Ra6 Ke7 69.Rb6 Rd6 70.Rb5 Ke6 71.Ra5 f5 72.Ra8 Rd3+ 73.Kf2 
e4 74.Re8+ Kf7 75.Re5 Kf6 76.Re8 Rd2+ 77.Kf1 Rd4 78.Ke2 Rb4 79.Kf2 f4 80.
Ke2 e3 81.Kf1 Rb1+ 82.Ke2 Rg1 0-1

[Event "119th NZL-ch op"]
[Site "Queenstown NZL"]
[Date "2012.01.17"]
[Round "3"]
[White "Drummond, Matthew"]
[Black "Jackson, L. Ross"]
[Result "1-0"]
[WhiteElo "2227"]
[BlackElo "1947"]
[EventDate "2012.01.15"]
[PlyCount "103"]

1.c4 d6 2.Nc3 g6 3.d4 Bg7 4.e4 Nf6 5.f3 Na6 6.Bg5 h6 7.Be3 O-O 8.Qd2 Kh7 
9.Bd3 Nb4 10.Bb1 c6 11.Nge2 e5 12.d5 cxd5 13.cxd5 Na6 14.Bc2 Ne8 15.g4 Qf6
16.Ng1 Qh4+ 17.Bf2 Qg5 18.Qxg5 hxg5 19.h4 gxh4 20.Bxh4 Rh8 21.Be7+ Kg8 22.
Rxh8+ Kxh8 23.Nb5 Nb4 24.Bb1 Bd7 25.Nxd6 Nxd6 26.Bxd6 Rc8 27.Kd1 a5 28.g5 
f6 29.gxf6 Bxf6 30.Ne2 Ba4+ 31.b3 Bb5 32.a3 Bxe2+ 33.Kxe2 Nc2 34.Bxc2 
Rxc2+ 35.Kd3 Rf2 36.Ke3 Rb2 37.b4 Rb3+ 38.Kf2 a4 39.Ra2 b5 40.f4 exf4 41.
Bxf4 Kg7 42.e5 Bh4+ 43.Ke2 g5 44.Be3 g4 45.Bd4 Rh3 46.Rc2 Rxa3 47.e6+ Kg6 
48.d6 Rh3 49.e7 Kf7 50.Rc8 Bxe7 51.Rc7 Rh2+ 52.Kd3 1-0

[Event "119th NZL-ch op"]
[Site "Queenstown NZL"]
[Date "2012.01.17"]
[Round "3"]
[White "Fairley, Natasha"]
[Black "Guo, Emma"]
[Result "0-1"]
[WhiteElo "1798"]
[BlackElo "2010"]
[EventDate "2012.01.15"]
[PlyCount "68"]

1.e4 e5 2.Nf3 Nc6 3.Bb5 f5 4.d3 fxe4 5.dxe4 Nf6 6.Bxc6 bxc6 7.Qd3 Bc5 8.h3
d6 9.Nc3 Qe7 10.Be3 Bb6 11.Bxb6 axb6 12.Qc4 Bd7 13.Qe2 O-O 14.Qe3 b5 15.
O-O Qf7 16.a3 Nh5 17.Nh2 Nf4 18.Ne2 Qg6 19.Ng3 h5 20.h4 Rf6 21.Nf3 Qg4 22.
Rfe1 Raf8 23.Rf1 Nxg2 24.Kxg2 Rxf3 25.Qg5 Qh3+ 26.Kg1 R3f4 27.f3 Bg4 28.
Nf5 Bxf5 29.exf5 R8xf5 30.Qd8+ Kh7 31.Rf2 Rxf3 32.Rg2 Rg3 33.Rxg3 Qxg3+ 
34.Kh1 Rf2 0-1

[Event "119th NZL-ch op"]
[Site "Queenstown NZL"]
[Date "2012.01.17"]
[Round "3"]
[White "Forster, William"]
[Black "Li Xiang Wei, William"]
[Result "1/2-1/2"]
[WhiteElo "1910"]
[BlackElo "1672"]
[EventDate "2012.01.15"]
[PlyCount "99"]

1.Nf3 d5 2.c4 c6 3.b3 Nf6 4.Bb2 Bg4 5.d3 e6 6.Nbd2 Nbd7 7.h3 Bh5 8.g4 Bg6 
9.Bg2 h6 10.O-O Bd6 11.e4 Be7 12.e5 Nh7 13.Ne1 Nc5 14.Qe2 dxc4 15.Nxc4 
Bxd3 16.Nxd3 Qxd3 17.Qe1 Rd8 18.Nd6+ Bxd6 19.exd6 Nf6 20.Rd1 Qg6 21.Qa5 
Nce4 22.Qc7 O-O 23.Bxf6 Nxf6 24.Qxb7 h5 25.Qxc6 hxg4 26.hxg4 Qxg4 27.Qc4 
Qg5 28.Rfe1 Nh5 29.Re3 Rc8 30.Qe4 Rfd8 31.Qe5 Qg4 32.Rde1 Rc2 33.a4 Nf4 
34.Qe4 Qxg2+ 35.Qxg2 Nxg2 36.Kxg2 Rxd6 37.R1e2 Rc5 38.b4 Rc4 39.Rb2 Rdd4 
40.Reb3 Kf8 41.a5 a6 42.b5 axb5 43.Rxb5 Ra4 44.Rb8+ Ke7 45.Ra8 Rd7 46.a6 
Ra3 47.Rb7 Kd6 48.Rf8 Rxa6 49.Rxd7+ Kxd7 50.Rxf7+ 1/2-1/2

[Event "119th NZL-ch op"]
[Site "Queenstown NZL"]
[Date "2012.01.17"]
[Round "3"]
[White "Ganguly, Surya Shekhar"]
[Black "Dordevic, Ivan"]
[Result "1-0"]
[WhiteElo "2639"]
[BlackElo "2060"]
[EventDate "2012.01.15"]
[PlyCount "77"]

1.d4 Nf6 2.c4 c5 3.d5 e6 4.Nc3 exd5 5.cxd5 d6 6.g3 g6 7.Bg2 Bg7 8.Nf3 O-O 
9.O-O a6 10.a4 Re8 11.Bf4 Ne4 12.Nxe4 Rxe4 13.Nd2 Rb4 14.Ra2 Qe7 15.b3 Nd7
16.Nc4 Ne5 17.Nxe5 Bxe5 18.Bd2 a5 19.Bxb4 axb4 20.Qc2 Ra5 21.e3 Bd7 22.Be4
Qe8 23.Bd3 Qa8 24.f4 Bc3 25.Rf2 Qe8 26.Qe2 f5 27.h4 h5 28.Kh2 Kg7 29.Qf3 
Qc8 30.Rae2 c4 31.Bxc4 Bxa4 32.e4 b5 33.Bd3 Bxb3 34.exf5 Bf6 35.g4 Bxh4 
36.g5 Bxf2 37.f6+ Kf8 38.Bxg6 Bd1 39.Qxh5 1-0

[Event "119th NZL-ch op"]
[Site "Queenstown NZL"]
[Date "2012.01.17"]
[Round "3"]
[White "Gold, Hamish"]
[Black "Judkins, Gary"]
[Result "0-1"]
[WhiteElo "1830"]
[BlackElo "1619"]
[EventDate "2012.01.15"]
[PlyCount "84"]

1.e4 c5 2.Nc3 d6 3.f4 Nc6 4.Bb5 Bd7 5.Bxc6 Bxc6 6.Nf3 e6 7.O-O Be7 8.Qe1 
Nf6 9.d3 Qc7 10.a4 a6 11.Rb1 a5 12.Bd2 Qd7 13.b3 O-O 14.Qg3 Ne8 15.h4 f5 
16.Rbe1 Nf6 17.Re2 Nh5 18.Qh2 Rf6 19.e5 Rg6 20.Ref2 d5 21.Ne2 d4 22.Qh3 h6
23.Kh2 Rg4 24.g3 Qe8 25.Kg1 Qg6 26.Rg2 Qe8 27.Kf2 Qd7 28.Ke1 b5 29.axb5 
Bxb5 30.Nh2 a4 31.bxa4 Bxa4 32.Nxg4 Bxc2 33.Nf2 Ra1+ 34.Nc1 Qd5 35.g4 c4 
36.gxh5 c3 37.Qg3 cxd2+ 38.Kxd2 Bf8 39.Qg6 Rb1 40.Rgg1 Rb2 41.Qxh6 Bb4+ 
42.Ke2 Bxd3+ 0-1

[Event "119th NZL-ch op"]
[Site "Queenstown NZL"]
[Date "2012.01.17"]
[Round "3"]
[White "Goodhue, Nathan"]
[Black "Bird, Andrew"]
[Result "0-1"]
[WhiteElo "1945"]
[BlackElo "2216"]
[EventDate "2012.01.15"]
[PlyCount "132"]

1.b3 e5 2.Bb2 Nc6 3.g3 d5 4.Bg2 Nf6 5.e3 Be6 6.Ne2 Qd7 7.h3 Bd6 8.d4 e4 9.
Nd2 h5 10.a3 h4 11.g4 Ne7 12.c4 c6 13.c5 Bc7 14.b4 Nh7 15.f4 exf3 16.Nxf3 
Ng6 17.Qc2 Qe7 18.e4 dxe4 19.Ne5 Bxe5 20.dxe5 Ng5 21.O-O Bd5 22.Qc3 Nf3+ 
23.Bxf3 exf3 24.Nd4 Nf4 25.Nf5 Ne2+ 26.Kh2 Nxc3 27.Nxe7 Kxe7 28.Bxc3 Rae8 
29.Kg1 Rh6 30.Rad1 Re6 31.Kf2 Kf8 32.Rfe1 Kg8 33.Ke3 f6 34.Kf4 fxe5+ 35.
Rxe5 Rxe5 36.Bxe5 g5+ 37.Kf5 Be6+ 38.Kxg5 Bc4 39.Bd4 Rd8 40.Rd2 Rxd4 41.
Rxd4 f2 42.Rf4 f1=Q 43.Rxf1 Bxf1 44.Kxh4 Kf7 45.Kg3 Kf6 46.h4 Ke5 47.h5 
Be2 48.h6 Bd3 49.Kf3 Bg6 50.Kg3 Ke4 51.Kh4 Kf4 52.a4 a6 53.a5 Bd3 54.Kh5 
Bh7 55.Kh4 Bg6 56.Kh3 Kg5 57.Kg3 Be4 58.Kf2 Kxg4 59.Ke3 Bh7 60.Kd4 Kf4 61.
Kc3 Ke5 62.Kc4 Bg8+ 63.Kc3 Ke4 64.Kc2 Kd4 65.Kb2 Kc4 66.Ka3 Kb5 0-1

[Event "119th NZL-ch op"]
[Site "Queenstown NZL"]
[Date "2012.01.17"]
[Round "3"]
[White "Gu Xiaobing"]
[Black "Akshat, Khamparia"]
[Result "0-1"]
[WhiteElo "2244"]
[BlackElo "2414"]
[EventDate "2012.01.15"]
[PlyCount "90"]

1.e4 c5 2.Nf3 g6 3.d4 Bg7 4.c4 Nc6 5.d5 Nd4 6.Nxd4 cxd4 7.Be2 e5 8.O-O d6 
9.Qd3 f5 10.exf5 Bxf5 11.Qb3 b6 12.Nd2 Nf6 13.f3 O-O 14.Bd3 Rc8 15.g4 Bxd3
16.Qxd3 Bh6 17.Ne4 Bxc1 18.Nxf6+ Rxf6 19.Raxc1 Rf4 20.Rce1 Qh4 21.Kg2 Rcf8
22.Re4 Rxe4 23.Qxe4 Rf4 24.Qe2 e4 25.fxe4 Rxg4+ 26.Kh1 Rxe4 27.Qf3 Qe7 28.
b3 Re3 29.Qf4 d3 30.Qd4 Qe4+ 31.Qxe4 Rxe4 32.Rd1 Rd4 33.Kg2 Kf7 34.Kf3 Kf6
35.Ke3 Ke5 36.Rxd3 Rxd3+ 37.Kxd3 g5 38.Ke3 h5 39.h3 a6 40.a4 a5 41.Kd3 Kf4
42.b4 Ke5 43.c5 dxc5 44.bxc5 bxc5 45.Kc4 Kd6 0-1

[Event "119th NZL-ch op"]
[Site "Queenstown NZL"]
[Date "2012.01.17"]
[Round "3"]
[White "Holland, Dennis"]
[Black "Brockman, Roland"]
[Result "1-0"]
[WhiteElo "1958"]
[BlackElo "1703"]
[EventDate "2012.01.15"]
[PlyCount "99"]

1.d4 d5 2.c4 e6 3.Nf3 Nf6 4.e3 Be7 5.Bd3 O-O 6.O-O Nbd7 7.b3 c5 8.Bb2 b6 
9.Nbd2 Bb7 10.Rc1 Rc8 11.Qe2 Re8 12.Rfd1 Bf8 13.Nf1 Rc7 14.Ng3 Qc8 15.dxc5
dxc4 16.Bxc4 Bxc5 17.Ne5 Rd8 18.Nxd7 Rcxd7 19.Rxd7 Rxd7 20.b4 Qc6 21.Qf1 
Bxb4 22.Bb5 Qd6 23.Bxd7 Qxd7 24.Qc4 Bc5 25.Bxf6 Qc6 26.Qe4 gxf6 27.Qg4+ 
Kf8 28.Nh5 Ke7 29.Nf4 Qe4 30.Qf3 Qxf3 31.gxf3 Bxf3 32.Nd3 Kd6 33.Nxc5 bxc5
34.Kf1 Bd5 35.a3 Bc6 36.Ke2 Bb5+ 37.Kd2 f5 38.Rg1 Be8 39.Rg7 h5 40.Rh7 f6 
41.Rxa7 Kc6 42.Re7 Bd7 43.Rf7 Kd6 44.Rxf6 Ke5 45.Rf8 Bc6 46.Rh8 Bf3 47.Rd8
Bd5 48.a4 Bc6 49.a5 Bb5 50.Rh8 1-0

[Event "119th NZL-ch op"]
[Site "Queenstown NZL"]
[Date "2012.01.17"]
[Round "3"]
[White "Ikeda, Junta"]
[Black "Li Chao"]
[Result "0-1"]
[WhiteElo "2349"]
[BlackElo "2693"]
[EventDate "2012.01.15"]
[PlyCount "72"]

1.Nf3 c5 2.c4 Nc6 3.g3 g6 4.Bg2 Bg7 5.O-O Nh6 6.Nc3 O-O 7.a3 d6 8.b4 cxb4 
9.axb4 Nxb4 10.Qb3 Nc6 11.d3 Nf5 12.e3 b6 13.Bb2 Bb7 14.h4 Na5 15.Qb4 Qd7 
16.Nd5 Bxb2 17.Qxb2 Ng7 18.e4 Nc6 19.Rae1 f6 20.Nh2 Ne5 21.Qd2 Nh5 22.f4 
Nxg3 23.Rf2 Nc6 24.Qe3 Nh5 25.f5 Ne5 26.Bh3 Kh8 27.fxg6 e6 28.Kh1 f5 29.d4
Nxg6 30.exf5 exd5 31.fxg6 Rxf2 32.Qxf2 dxc4+ 33.Bg2 Bxg2+ 34.Qxg2 Rg8 35.
Qg5 Qf5 36.Qe3 Qxg6 0-1

[Event "119th NZL-ch op"]
[Site "Queenstown NZL"]
[Date "2012.01.17"]
[Round "3"]
[White "Ilic, Ilija"]
[Black "Watson, Jean"]
[Result "1-0"]
[WhiteElo "2010"]
[BlackElo "1571"]
[EventDate "2012.01.15"]
[PlyCount "39"]

1.d4 e6 2.Nc3 d5 3.Bf4 Nf6 4.f3 Bb4 5.Qd2 O-O 6.a3 Ba5 7.b4 Bb6 8.Na4 Nbd7
9.g4 c6 10.Nxb6 Nxb6 11.e3 a5 12.bxa5 Na4 13.a6 b5 14.h4 Bxa6 15.h5 Nb6 
16.g5 Nfd7 17.Bd3 f5 18.gxf6 Nxf6 19.Qh2 Kf7 20.Bc7 1-0

[Event "119th NZL-ch op"]
[Site "Queenstown NZL"]
[Date "2012.01.17"]
[Round "3"]
[White "Illingworth, Max"]
[Black "Kruttika, Nadig"]
[Result "1-0"]
[WhiteElo "2388"]
[BlackElo "2234"]
[EventDate "2012.01.15"]
[PlyCount "55"]

1.c4 c6 2.e4 d5 3.exd5 cxd5 4.d4 Nf6 5.Nc3 g6 6.Qb3 Bg7 7.cxd5 O-O 8.Be2 
Na6 9.Bf3 Qb6 10.Nge2 Rd8 11.Qxb6 axb6 12.Bg5 Nb4 13.Bxf6 Bxf6 14.O-O Bf5 
15.a3 Nd3 16.Rab1 g5 17.g3 Rac8 18.Rfd1 g4 19.Bg2 Rc4 20.b3 Rcc8 21.Be4 
Bxe4 22.Nxe4 Rc2 23.Kf1 Nb2 24.Nxf6+ exf6 25.Rdc1 Rxc1+ 26.Nxc1 Rc8 27.d6 
Nd1 28.Ne2 1-0

[Event "119th NZL-ch op"]
[Site "Queenstown NZL"]
[Date "2012.01.17"]
[Round "3"]
[White "Johansen, Darryl"]
[Black "Tang, Jason"]
[Result "1-0"]
[WhiteElo "2403"]
[BlackElo "2030"]
[EventDate "2012.01.15"]
[PlyCount "51"]

1.c4 e6 2.Nc3 d5 3.d4 Nf6 4.cxd5 exd5 5.Bg5 Be7 6.e3 O-O 7.Bd3 h6 8.Bh4 c5
9.dxc5 Nbd7 10.Nge2 Nxc5 11.O-O Be6 12.Bc2 Rc8 13.Nd4 Nfe4 14.Nxe4 dxe4 
15.Nxe6 fxe6 16.Bg3 Qb6 17.Rb1 Qa6 18.b4 Rfd8 19.Qg4 Rd2 20.Rbc1 Nd7 21.
Bd3 exd3 22.Rxc8+ Bf8 23.Qd4 Nf6 24.Bd6 Nd7 25.Bxf8 Nxf8 26.Qf4 1-0

[Event "119th NZL-ch op"]
[Site "Queenstown NZL"]
[Date "2012.01.17"]
[Round "3"]
[White "Jones, Gawain"]
[Black "Morris, James"]
[Result "1/2-1/2"]
[WhiteElo "2653"]
[BlackElo "2354"]
[EventDate "2012.01.15"]
[PlyCount "91"]

1.e4 c5 2.Nf3 Nc6 3.Bb5 g6 4.Bxc6 dxc6 5.d3 Bg7 6.h3 Nf6 7.Nc3 c4 8.d4 b5 
9.a3 O-O 10.O-O a6 11.Bf4 Bb7 12.Qe2 Qc8 13.Qe3 c5 14.dxc5 Qc6 15.Be5 Rac8
16.Bd4 Rfd8 17.Rfe1 e6 18.b4 cxb3 19.cxb3 Rxd4 20.Qxd4 Nxe4 21.Qxe4 Bxc3 
22.Qxc6 Bxc6 23.Ne5 Bd5 24.b4 Kf8 25.f4 Ke7 26.Rf1 Bd4+ 27.Kh2 Bxa1 28.
Rxa1 a5 29.Rd1 axb4 30.axb4 Ra8 31.Rd2 f6 32.Nf3 Bxf3 33.gxf3 Ra4 34.Rd4 
e5 35.fxe5 fxe5 36.Re4 Ke6 37.Kg3 Kd5 38.Kf2 g5 39.h4 gxh4 40.Rxh4 Ra2+ 
41.Kg3 Rb2 42.Re4 h5 43.Rh4 Rb3 44.Kf2 Rb2+ 45.Kg3 Rb3 46.Kf2 1/2-1/2

[Event "119th NZL-ch op"]
[Site "Queenstown NZL"]
[Date "2012.01.17"]
[Round "3"]
[White "Ker, Anthony"]
[Black "Flitney, Adrian"]
[Result "1/2-1/2"]
[WhiteElo "2359"]
[BlackElo "1959"]
[EventDate "2012.01.15"]
[PlyCount "61"]

1.e4 e6 2.d4 d5 3.e5 c5 4.c3 Nc6 5.Nf3 Qb6 6.a3 c4 7.Nbd2 Na5 8.g3 Bd7 9.
h4 O-O-O 10.Bh3 f6 11.exf6 gxf6 12.O-O Nh6 13.Re1 e5 14.Bxd7+ Rxd7 15.dxe5
Ng4 16.Nd4 Nxe5 17.b4 Nac6 18.N2f3 Nxf3+ 19.Qxf3 Nxd4 20.Re8+ Kc7 21.cxd4 
Qxd4 22.Bf4+ Bd6 23.Bxd6+ Kxd6 24.Ree1 Re8 25.Rxe8 Qxa1+ 26.Kg2 Qd4 27.g4 
Re7 28.Rd8+ Rd7 29.Re8 Re7 30.Rd8+ Rd7 31.Re8 1/2-1/2

[Event "119th NZL-ch op"]
[Site "Queenstown NZL"]
[Date "2012.01.17"]
[Round "3"]
[White "King, Mathew"]
[Black "Lukey, Stephen"]
[Result "0-1"]
[WhiteElo "1961"]
[BlackElo "2261"]
[EventDate "2012.01.15"]
[PlyCount "62"]

1.e4 e6 2.d4 d5 3.Nc3 Bb4 4.Ne2 Nc6 5.a3 Ba5 6.Be3 Nge7 7.g3 e5 8.Bg2 Bg4 
9.b4 Bb6 10.Nxd5 Nxd5 11.exd5 Nxd4 12.Bxd4 Bxd4 13.Rb1 Bc3+ 14.Kf1 Qf6 15.
Qd3 Bxe2+ 16.Kxe2 Bd4 17.Qf3 Qg5 18.Qd3 Qf6 19.Qf3 Qh6 20.h4 O-O 21.c3 e4 
22.Qf4 Qa6+ 23.b5 Qxa3 24.Bxe4 Rae8 25.Kf3 f5 26.Bd3 Qxc3 27.Rhd1 Bb6 28.
Qc4 Qf6 29.Re1 f4 30.Qxf4 Rxe1 31.Rxe1 Qc3 0-1

[Event "119th NZL-ch op"]
[Site "Queenstown NZL"]
[Date "2012.01.17"]
[Round "3"]
[White "Koerber, Matthias"]
[Black "Pyke, Malcolm"]
[Result "0-1"]
[WhiteElo "1916"]
[BlackElo "2132"]
[EventDate "2012.01.15"]
[PlyCount "122"]

1.d4 Nf6 2.c4 e6 3.Nc3 c5 4.d5 exd5 5.cxd5 d6 6.Nf3 g6 7.h3 a6 8.a4 Qe7 9.
Bf4 Bg7 10.Nd2 O-O 11.e4 Nbd7 12.Be2 Ne8 13.O-O Ne5 14.Bh2 g5 15.g4 Ng6 
16.Bf3 Be5 17.Bxe5 dxe5 18.Nc4 Nd6 19.Nxd6 Qxd6 20.Kh2 Bd7 21.Qd2 h6 22.
Nd1 b5 23.axb5 axb5 24.Ne3 Nf4 25.Qc2 Rfc8 26.b3 f6 27.Rxa8 Rxa8 28.Rc1 
Rc8 29.Be2 Kh7 30.Ng2 Nxg2 31.Kxg2 Kg7 32.Qa2 Qb6 33.Ra1 Rc7 34.Qa3 Be8 
35.Rc1 Bg6 36.f3 h5 37.Rc2 h4 38.Qc1 Be8 39.Qe3 Qd6 40.Qc1 Qb6 41.Qe3 Qd6 
42.Qg1 Bd7 43.Qa1 Qb6 44.Qa3 Be8 45.Kf1 Kf7 46.Rc1 b4 47.Qa6 Qxa6 48.Bxa6 
Ra7 49.Be2 Ra5 50.Ke1 Ke7 51.Kd2 Kd6 52.Rc2 Bd7 53.Bd3 Ra3 54.Rb2 Ra1 55.
Rb1 Ra2+ 56.Bc2 Bb5 57.Re1 c4 58.bxc4 Ba4 59.Rc1 b3 60.Rb1 Rxc2+ 61.Kd3 
Kc5 0-1

[Event "119th NZL-ch op"]
[Site "Queenstown NZL"]
[Date "2012.01.17"]
[Round "3"]
[White "Li Zuhao, Luke"]
[Black "Selnes, Hamish"]
[Result "1-0"]
[WhiteElo "2165"]
[BlackElo "1904"]
[EventDate "2012.01.15"]
[PlyCount "67"]

1.d4 Nf6 2.c4 g6 3.Nc3 d5 4.cxd5 Nxd5 5.e4 Nxc3 6.bxc3 Bg7 7.Bc4 O-O 8.Ne2
Nc6 9.O-O b6 10.Be3 Bb7 11.Qd2 Qd6 12.Bh6 Na5 13.Bd3 c5 14.Bxg7 Kxg7 15.
Rfd1 e6 16.Rac1 f5 17.Qf4 Rad8 18.Qxd6 Rxd6 19.e5 Rdd8 20.dxc5 bxc5 21.Bb5
g5 22.f4 h6 23.Ng3 Kg6 24.c4 Bc6 25.Ne2 Bb7 26.g3 a6 27.Bd7 Kf7 28.Rd6 Bf3
29.Kf2 Bxe2 30.Kxe2 Ke7 31.Rcd1 Nxc4 32.Rxe6+ Kf7 33.Rxa6 Ke7 34.Rxh6 1-0

[Event "119th NZL-ch op"]
[Site "Queenstown NZL"]
[Date "2012.01.17"]
[Round "3"]
[White "Lim Kian Hwa"]
[Black "Matheson, Laurence"]
[Result "1/2-1/2"]
[WhiteElo "1922"]
[BlackElo "2167"]
[EventDate "2012.01.15"]
[PlyCount "136"]

1.e4 c5 2.Nc3 d6 3.g3 Nc6 4.Bg2 g6 5.d3 Bg7 6.Be3 e5 7.Qd2 Be6 8.Nge2 Nd4 
9.O-O Nf6 10.f3 Qd7 11.Rf2 Bh3 12.Raf1 h5 13.Bg5 Be6 14.h4 Nh7 15.f4 Nxg5 
16.fxg5 Rf8 17.Kh2 O-O-O 18.Ng1 Kb8 19.Bh3 Qc6 20.Bg2 Qe8 21.Nge2 Qe7 22.
Nd5 Bxd5 23.exd5 f5 24.gxf6 Bxf6 25.Nxd4 exd4 26.Qh6 Rh8 27.Qxg6 Be5 28.
Qg5 Qxg5 29.hxg5 Rdg8 30.Kh3 Rxg5 31.Rf8+ Rxf8 32.Rxf8+ Kc7 33.Kh4 Rxg3 
34.Bh3 Rg7 35.Kxh5 Rh7+ 36.Kg4 b5 37.b3 Kb6 38.Rf3 Ka5 39.a3 Rg7+ 40.Kf5 
Rg1 41.Rf1 Rg3 42.Bg4 Rg2 43.Bd1 Kb6 44.Ke4 Rd2 45.Kf5 a6 46.Ke6 Rh2 47.
Ke7 a5 48.Re1 a4 49.bxa4 bxa4 50.Bg4 Bg3 51.Rg1 Be5 52.Re1 Rxc2 53.Rxe5 
dxe5 54.d6 Rh2 55.d7 Rh7+ 56.Kd6 Rh8 57.Kxe5 Kc6 58.Ke6 Rd8 59.Bd1 Rh8 60.
Bxa4+ Kc7 61.Bb5 Ra8 62.a4 c4 63.Bxc4 Rxa4 64.Ke7 Ra8 65.Bb5 Rd8 66.Ke6 
Rh8 67.Kd5 Rh5+ 68.Kc4 Kd8 1/2-1/2

[Event "119th NZL-ch op"]
[Site "Queenstown NZL"]
[Date "2012.01.17"]
[Round "3"]
[White "Liu, Yi"]
[Black "Ayaz, Hacer"]
[Result "1-0"]
[WhiteElo "2072"]
[BlackElo "1846"]
[EventDate "2012.01.15"]
[PlyCount "57"]

1.d4 d5 2.c4 e6 3.Nf3 Nf6 4.g3 c5 5.Bg2 Nc6 6.O-O cxd4 7.Nxd4 Be7 8.Nc3 
O-O 9.cxd5 exd5 10.Nxc6 bxc6 11.e4 Be6 12.exd5 cxd5 13.Be3 Qd7 14.Qd2 Rac8
15.Rad1 Rfd8 16.f4 Bh3 17.Bxh3 Qxh3 18.Qg2 Qxg2+ 19.Kxg2 Ng4 20.Bxa7 Bc5 
21.Bxc5 Rxc5 22.Rfe1 g6 23.h3 Nf6 24.Rd4 Kf8 25.Kf3 Rc7 26.Red1 Rcd7 27.g4
Ne4 28.Rxd5 Rxd5 29.Rxd5 1-0

[Event "119th NZL-ch op"]
[Site "Queenstown NZL"]
[Date "2012.01.17"]
[Round "3"]
[White "Louie, Ryan"]
[Black "Kempen, Leon"]
[Result "1/2-1/2"]
[WhiteElo "1677"]
[BlackElo "1999"]
[EventDate "2012.01.15"]
[PlyCount "53"]

1.d4 Nf6 2.c4 c5 3.d5 e5 4.Nc3 d6 5.e4 Be7 6.Nf3 O-O 7.g3 a6 8.Bg2 b5 9.
Nd2 b4 10.Ne2 a5 11.a4 Ne8 12.O-O g6 13.b3 Bf6 14.Bb2 Bg7 15.Qc2 Ra7 16.f4
Bg4 17.Nf3 Bxf3 18.Rxf3 exf4 19.Bxg7 Nxg7 20.gxf4 f6 21.Re1 Re7 22.Nc1 Nd7
23.Nd3 Rfe8 24.Rfe3 Nf5 25.Rh3 Nd4 26.Qd1 Kg7 27.Rhe3 1/2-1/2

[Event "119th NZL-ch op"]
[Site "Queenstown NZL"]
[Date "2012.01.17"]
[Round "3"]
[White "Lovejoy, David"]
[Black "Hartvig, Ove Weiss"]
[Result "0-1"]
[WhiteElo "1939"]
[BlackElo "2210"]
[EventDate "2012.01.15"]
[PlyCount "63"]

1.e4 d5 2.Nc3 d4 3.Nce2 c5 4.d3 Nc6 5.g3 e5 6.Bg2 Bd6 7.f4 f6 8.Nf3 Nge7 
9.O-O O-O 10.f5 b5 11.g4 a5 12.Ng3 c4 13.h4 c3 14.bxc3 dxc3 15.Be3 Nd4 16.
Ne2 Nxf3+ 17.Bxf3 Qc7 18.Qe1 Bd7 19.d4 b4 20.Qf2 Rab8 21.Rfd1 Ba4 22.dxe5 
fxe5 23.Ng3 Nc6 24.Be2 Nd4 25.Bd3 Rfd8 26.g5 Bc5 27.Kh1 Bc6 28.Qg2 Kh8 29.
h5 Nxc2 30.Bxc5 Nxa1 31.f6 Bb5 32.Nf5 0-1

[Event "119th NZL-ch op"]
[Site "Queenstown NZL"]
[Date "2012.01.17"]
[Round "3"]
[White "Machdoem, Andhika"]
[Black "Tsagarakis, Angelo"]
[Result "1-0"]
[WhiteElo "2129"]
[BlackElo "1883"]
[EventDate "2012.01.15"]
[PlyCount "79"]

1.Nf3 Nf6 2.c4 g6 3.g3 Bg7 4.Bg2 O-O 5.O-O d6 6.Nc3 c6 7.d4 Nbd7 8.b3 e5 
9.e3 Re8 10.Qc2 e4 11.Ng5 d5 12.cxd5 cxd5 13.Nb5 h6 14.Nh3 Nf8 15.Nc7 Bg4 
16.Nxa8 Qxa8 17.Kh1 Rc8 18.Qd2 Ne6 19.Ba3 g5 20.Ng1 Re8 21.Rfc1 Qd8 22.Rc2
h5 23.Rac1 Qd7 24.h3 Bf5 25.Qa5 Kh7 26.Qxa7 Rh8 27.Qb6 Kg6 28.Bf1 Qe8 29.
Kg2 Qb8 30.Bd6 Qa8 31.a4 Nd7 32.Qb5 Nf6 33.a5 Bh6 34.Be5 Re8 35.b4 Bf8 36.
Ne2 Rd8 37.Nc3 Nd7 38.Nxd5 Nxe5 39.dxe5 Bg7 40.Ne7+ 1-0

[Event "119th NZL-ch op"]
[Site "Queenstown NZL"]
[Date "2012.01.17"]
[Round "3"]
[White "Pinic, Noel"]
[Black "Nijman, Arie"]
[Result "1-0"]
[WhiteElo "2066"]
[BlackElo "1834"]
[EventDate "2012.01.15"]
[PlyCount "57"]

1.e4 e5 2.Nf3 Nc6 3.Bc4 Nf6 4.Ng5 d5 5.exd5 Na5 6.Bb5+ c6 7.dxc6 bxc6 8.
Qf3 Bd7 9.Be2 Bg4 10.Qe3 Bd6 11.Nc3 O-O 12.O-O Bxe2 13.Qxe2 Nd5 14.Nge4 
Bc7 15.d3 h6 16.Bd2 f5 17.Nc5 Qd6 18.Nxd5 cxd5 19.Bxa5 Qxc5 20.Bxc7 Qxc7 
21.c4 d4 22.b4 Rae8 23.f3 g5 24.a4 h5 25.a5 g4 26.fxg4 hxg4 27.Rxf5 Qg7 
28.Raf1 Rxf5 29.Rxf5 1-0